000 00964nam a22002897a 4500
999 _c20032
_d20032
005 20171220133046.0
008 171220b 2015EC ||||| |||| 00| 0 spa d
020 _a9789978355312
040 _aCO-BoIAVH
_cCO-BoIAVH
041 _aspa
044 _aec
082 _a577.38
_bA28c
100 _aAguirre, Nikolay
_eeditor
245 1 _aCambio climático y biodiversidad.
_bestudio de caso de los Páramos del parque nacional Podocarpus, Ecuador
260 _aLoja Ecuador:
_bUniversidad Nacional de Loja,
_c2015.
300 _a270 páginas
_c24 x 16cm
650 1 6 _aCarbono
650 1 6 _aBriofitos
_xDiversidad
650 0 _aAnfibios
_xDiversidad
650 1 6 _aCambio climático
650 1 6 _aFlora
_xDiversidad
650 1 6 _aMonitoreo
_xConservación
700 _aOjeda Luna, Tatiana
700 _aEguiguren, Paúl
700 _aAguirre Mendoza, Zhofre
942 _2ddc
_cLIBRO